[Event "6. Torneo del Santo A"]
[Site "Padova"]
[Date "2019.02.17"]
[Round "4.6"]
[White "Pleininger, Rudolf"]
[Black "Rigo, Gianfrancesco"]
[Result "0-1"]
[WhiteElo "1947"]
[BlackElo "1908"]
[Annotator "Gabriele Ballarin"]
[PlyCount "74"]
[EventDate "2019.02.15"]
[EventType "swiss"]
[EventRounds "5"]
[EventCountry "ITA"]

1. e4 e5 2. Nf3 Nc6 3. d4 exd4 4. Bc4 Nf6 5. e5 Ne4 6. Bd5 Nc5 7. Bxc6 dxc6 8. Bg5 Qd5 9. Qxd4 Ne6 10. Qxd5 cxd5 11. O-O Bc5 12. Nc3 c6 13. Bh4 O-O 14. Na4 Bb4 15. a3 Ba5 16. b4 Bc7 17. Rad1 Re8 18. Rfe1 b5 19. Nb2 a5 20. Ra1 Bb7 21. Nd3 Bb6 22. c3 d4 23. cxd4 Nxd4 24. Nxd4 Bxd4 25. Rac1 axb4 26. axb4 h6 27. Kf1 Ra3 28. Rcd1 Bc8 29. f4 Bg4 30. Nc5 Bxd1 31. Rxd1 Bxc5 32. bxc5 g5 33. fxg5 hxg5 34. Bxg5 Rxe5 35. Bf4 Rxc5 36. h4 Rf5 37. Rd4 Ra4 0-1

[Event "6. Torneo del Santo A"]
[Site "Padova"]
[Date "2019.02.17"]
[Round "4.7"]
[White "Sforza, Michelangelo"]
[Black "Litrico, Paolo"]
[Result "1-0"]
[WhiteElo "1811"]
[BlackElo "1883"]
[Annotator "Gabriele Ballarin"]
[PlyCount "63"]
[EventDate "2019.02.15"]
[EventType "swiss"]
[EventRounds "5"]
[EventCountry "ITA"]

1. e4 e5 2. Nf3 Nc6 3. Bc4 Bc5 4. d3 Nf6 5. Nc3 h6 6. Be3 Bxe3 7. fxe3 d6 8. Qe2 Na5 9. Bb3 Nxb3 10. axb3 O-O 11. O-O-O c6 12. h3 Be6 13. g4 Nd7 14. Rhg1 g6 15. d4 exd4 16. exd4 Nb6 17. d5 cxd5 18. exd5 Bd7 19. Qd2 Kh7 20. Rge1 a5 21. Qf4 Nc8 22. g5 h5 23. Ne4 f5 24. gxf6 Bf5 25. Neg5+ Kh8 26. f7 Qf6 27. Re6 Qg7 28. Re8 Na7 29. Rde1 Nb5 30. Rxa8 Nc7 31. Rxf8+ Qxf8 32. Qd4+ 1-0

[Event "6. Torneo del Santo A"]
[Site "Padova"]
[Date "2019.02.17"]
[Round "4.8"]
[White "Di Lascio, Savino"]
[Black "Sinato, Fabrizio"]
[Result "0-1"]
[WhiteElo "1923"]
[BlackElo "1868"]
[Annotator "Gabriele Ballarin"]
[PlyCount "127"]
[EventDate "2019.02.15"]
[EventType "swiss"]
[EventRounds "5"]
[EventCountry "ITA"]

1. Nf3 d5 2. g3 e6 3. Bg2 Nf6 4. O-O Be7 5. d3 O-O 6. Nbd2 b6 7. c4 c6 8. a3 Bb7 9. b4 Nbd7 10. Bb2 Qc7 11. Rc1 Rfc8 12. Rc2 a5 13. cxd5 exd5 14. b5 c5 15. a4 Re8 16. Qa1 Bd6 17. Re1 Re7 18. Nd4 Rae8 19. e4 dxe4 20. Nf5 Re6 21. dxe4 Be5 22. f4 Bxb2 23. Qxb2 h5 24. Rd1 g6 25. Nd4 R6e7 26. Nc6 Re6 27. e5 Ng4 28. Nc4 Nb8 29. h3 Nh6 30. Nd6 Bxc6 31. Nxe8 Bxe8 32. Be4 Bd7 33. Rcd2 Re8 34. Kh2 Nf5 35. Qc3 Be6 36. g4 hxg4 37. hxg4 Nh6 38. Kg3 Bxg4 39. Rh1 Bh5 40. Rdh2 Qd7 41. Bf3 Rd8 42. Rd1 Nf5+ 43. Kf2 Nd4 44. Bxh5 Qf5 45. Bf3 Qxf4 46. Rdh1 Kf8 47. Rh4 Qf5 48. Rd1 Ke7 49. Qd3 Qg5 50. Rg4 Qh6 51. Rh1 Qg7 52. Qe4 Nd7 53. Rg5 Ne6 54. Rgg1 Nxe5 55. Rd1 Nd4 56. Rhe1 Ndxf3 57. Qxf3 Rxd1 58. Qxd1 Qf6+ 59. Ke3 Qg5+ 60. Ke4 Qf5+ 61. Kd5 Qe6+ 62. Ke4 Qf5+ 63. Ke3 Ng4+ 64. Kd2+ {Nur} 0-1

[Event "6. Torneo del Santo A"]
[Site "Padova"]
[Date "2019.02.17"]
[Round "5.1"]
[White "Baruscotti, Mauro"]
[Black "Altieri, Danilo Mario"]
[Result "0-1"]
[WhiteElo "1869"]
[BlackElo "1927"]
[Annotator "Gabriele Ballarin"]
[PlyCount "100"]
[EventDate "2019.02.15"]
[EventType "swiss"]
[EventRounds "5"]
[EventCountry "ITA"]

1. d4 d5 2. e3 c6 3. f4 Bf5 4. Bd3 Bxd3 5. Qxd3 e6 6. Nf3 Nf6 7. Nbd2 Bd6 8. c3 Nbd7 9. Ne5 c5 10. O-O Qc7 11. a3 O-O 12. h3 a6 13. Qe2 b5 14. g4 g6 15. g5 Nh5 16. Qf2 f6 17. Nxd7 Qxd7 18. gxf6 Rxf6 19. Qh4 Rf5 20. Nf3 Be7 21. Qg4 Nf6 22. Qg2 Ne4 23. Ne5 Qe8 24. Ng4 Qf8 25. Nf2 Nxf2 26. Rxf2 Rh5 27. e4 Rd8 28. Bd2 cxd4 29. cxd4 dxe4 30. Qxe4 Qf5 31. Re1 Bh4 32. Qxe6+ Qxe6 33. Rxe6 Bxf2+ 34. Kxf2 Rxd4 35. Ke3 Rd7 36. Bc3 Rxh3+ 37. Ke4 Kf7 38. Rf6+ Ke8 39. Rxa6 Re7+ 40. Be5 Rb3 41. Kd5 Rd3+ 42. Ke4 Rd2 43. b4 g5 44. Kf5 gxf4 45. Kf6 Rxe5 46. Kxe5 f3 47. Re6+ Kd7 48. Rf6 f2 49. Ke4 h5 50. Ke3 Ra2 0-1

[Event "6. Torneo del Santo A"]
[Site "Padova"]
[Date "2019.02.17"]
[Round "5.2"]
[White "Pennica, Andrea"]
[Black "Manco, David Jonatan"]
[Result "1-0"]
[WhiteElo "1957"]
[BlackElo "1894"]
[Annotator "Gabriele Ballarin"]
[PlyCount "59"]
[EventDate "2019.02.15"]
[EventType "swiss"]
[EventRounds "5"]
[EventCountry "ITA"]

1. e4 e6 2. d4 d5 3. Nc3 Nf6 4. Bg5 Be7 5. e5 Nfd7 6. Bxe7 Qxe7 7. Nf3 O-O 8. Bd3 a6 9. h4 f5 10. exf6 Nxf6 11. g4 e5 12. Nxe5 Nxg4 13. Nxd5 Qd6 14. Nxg4 Qxd5 15. Rg1 Nc6 16. Ne3 Qxd4 17. Qh5 Qe5 18. Qxh7+ Kf7 19. Bc4+ Ke8 20. Qg6+ Kd8 21. O-O-O+ Bd7 22. Qxg7 Qxg7 23. Rxg7 Ne5 24. Be6 Rxf2 25. Bxd7 Nxd7 26. Rg8+ Ke7 27. Rxa8 Rf3 28. Nd5+ Ke6 29. Nxc7+ Ke7 30. Re8+ 1-0

[Event "6. Torneo del Santo A"]
[Site "Padova"]
[Date "2019.02.17"]
[Round "5.3"]
[White "De Napoli, Giuseppe"]
[Black "Andreoli, Mark"]
[Result "1-0"]
[WhiteElo "2003"]
[BlackElo "1843"]
[Annotator "Gabriele Ballarin"]
[PlyCount "93"]
[EventDate "2019.02.15"]
[EventType "swiss"]
[EventRounds "5"]
[EventCountry "ITA"]

1. d4 c5 2. c3 e6 3. Bf4 Nc6 4. e3 d5 5. Nf3 f5 6. Be2 Nf6 7. h3 cxd4 8. exd4 Bd6 9. Bxd6 Qxd6 10. O-O O-O 11. Re1 Bd7 12. Nbd2 a6 13. Bd3 Ne4 14. Qe2 b5 15. Ne5 Nxe5 16. dxe5 Qc7 17. Nf3 Be8 18. Nd4 Qb6 19. a3 Rb8 20. f3 Nc5 21. Bc2 Na4 22. Rab1 Bd7 23. Qf2 Qd8 24. Qg3 Nb6 25. Re2 Qe7 26. Kh1 Rbe8 27. Qf2 Nc4 28. Bd3 f4 29. Ree1 Qg5 30. Bxc4 dxc4 31. Rbd1 Bc8 32. Nc6 Bb7 33. Qb6 Bxc6 34. Qxc6 Qf5 35. Re4 Qg5 36. Rd7 Qg3 37. Re2 g5 38. Rd6 g4 39. hxg4 h5 40. Rxe6 Rxe6 41. Qxe6+ Rf7 42. Qe8+ Kg7 43. e6 Rf8 44. Qxh5 Rh8 45. Qxh8+ Kxh8 46. e7 Qh4+ 47. Kg1 1-0

[Event "6. Torneo del Santo A"]
[Site "Padova"]
[Date "2019.02.17"]
[Round "5.4"]
[White "Rigo, Gianfrancesco"]
[Black "Grimaldi, Angela Flavia"]
[Result "0-1"]
[WhiteElo "1908"]
[BlackElo "1906"]
[Annotator "Gabriele Ballarin"]
[PlyCount "92"]
[EventDate "2019.02.15"]
[EventType "swiss"]
[EventRounds "5"]
[EventCountry "ITA"]

1. Nf3 c5 2. b3 Nf6 3. Bb2 g6 4. e4 Bg7 5. e5 Nd5 6. c4 Nc7 7. d4 cxd4 8. Bxd4 Nc6 9. Bc3 O-O 10. Be2 Ne6 11. g3 Qc7 12. Qd5 b6 13. Na3 a6 14. Rd1 Rd8 15. O-O Bb7 16. c5 Ncd4 17. Rxd4 Bxd5 18. Rxd5 Nxc5 19. Nc4 Qb7 20. Rfd1 Rac8 21. Ng5 h6 22. Nh3 b5 23. Na5 Qc7 24. Bb4 d6 25. f4 Qb6 26. Kf1 dxe5 27. fxe5 Rxd5 28. Rxd5 Nb7 29. Nxb7 Qxb7 30. Bf3 Rc1+ 31. Kg2 Qc7 32. Bd2 Rc2 33. Nf2 e6 34. Rd3 Qxe5 35. Rd8+ Kh7 36. Be4 Qc7 37. Rd3 f5 38. Bf3 e5 39. Bd1 e4 40. Rd5 Rc6 41. b4 Bc3 42. Bf4 Qe7 43. Be3 Bxb4 44. Bb3 Rd6 45. Bc5 Bxc5 46. Rxc5 e3 0-1

[Event "6. Torneo del Santo A"]
[Site "Padova"]
[Date "2019.02.17"]
[Round "5.5"]
[White "Simonini, Mattia"]
[Black "Sforza, Michelangelo"]
[Result "0-1"]
[WhiteElo "1944"]
[BlackElo "1811"]
[Annotator "Gabriele Ballarin"]
[PlyCount "40"]
[EventDate "2019.02.15"]
[EventType "swiss"]
[EventRounds "5"]
[EventCountry "ITA"]

1. d4 d5 2. c4 e5 3. dxe5 d4 4. Nf3 Nc6 5. a3 Nge7 6. b4 Ng6 7. Bb2 a5 8. b5 Ncxe5 9. Nxe5 Nxe5 10. e3 Be6 11. Bxd4 Nxc4 12. Qc2 Nd6 13. Bd3 Qg5 14. f4 Qh4+ 15. g3 Qh3 {=} 16. Kf2 Be7 17. Nd2 O-O 18. Qxc7 Rfe8 19. Qc3 Bf8 20. Ne4 Bd5 0-1

[Event "6. Torneo del Santo A"]
[Site "Padova"]
[Date "2019.02.17"]
[Round "5.6"]
[White "Sonis, Luca"]
[Black "Sinato, Fabrizio"]
[Result "1-0"]
[WhiteElo "1881"]
[BlackElo "1868"]
[Annotator "Gabriele Ballarin"]
[PlyCount "73"]
[EventDate "2019.02.15"]
[EventType "swiss"]
[EventRounds "5"]
[EventCountry "ITA"]

1. e4 c5 2. Nf3 d6 3. d4 cxd4 4. Nxd4 Nf6 5. Nc3 a6 6. Bc4 e6 7. O-O Be7 8. f4 O-O 9. f5 d5 10. exd5 exd5 11. Bb3 Bc5 12. Kh1 Nc6 13. Nxc6 bxc6 14. Bg5 Bb7 15. Qf3 Re8 16. Rae1 Qd6 17. Bf4 Qd7 18. Be5 Kh8 19. Qf4 d4 20. Na4 Ba7 21. Qg5 Rxe5 22. Rxe5 h6 23. Qh4 c5 24. Nxc5 Qd6 25. Nd3 Qc6 26. Re2 Re8 27. Rxe8+ Nxe8 28. Rf2 f6 29. Qh5 Nd6 30. Re2 a5 31. a4 Bb8 32. Nf4 d3 33. Ng6+ Kh7 34. Nf8+ Kh8 35. Qg6 Qxg2+ 36. Rxg2 Bxg2+ 37. Kxg2 1-0

[Event "6. Torneo del Santo A"]
[Site "Padova"]
[Date "2019.02.17"]
[Round "5.7"]
[White "Litrico, Paolo"]
[Black "Bertani, Gianfranco"]
[Result "1-0"]
[WhiteElo "1883"]
[BlackElo "1974"]
[Annotator "Gabriele Ballarin"]
[PlyCount "87"]
[EventDate "2019.02.15"]
[EventType "swiss"]
[EventRounds "5"]
[EventCountry "ITA"]

1. d4 d5 2. Bf4 e6 3. e3 f5 4. Qh5+ g6 5. Qf3 Nf6 6. Nd2 Bg7 7. h3 O-O 8. Bd3 c5 9. c3 Nc6 10. Ne2 Ne4 11. h4 e5 12. dxe5 Be6 13. Bxe4 dxe4 14. Qg3 Qd3 15. Rd1 Rad8 16. b3 Rd7 17. h5 Rfd8 18. hxg6 h5 19. Rxh5 Qc2 20. Nd4 cxd4 21. exd4 Qd3 22. Qxd3 exd3 23. Nf3 Bd5 24. Rxd3 Be4 25. Rd2 Bxf3 26. gxf3 Ne7 27. Bg5 Rf8 28. Bxe7 Rxe7 29. f4 Re6 30. d5 Rxg6 31. d6 Re6 32. c4 Bf6 33. Rh6 Kf7 34. Rxf6+ Rxf6 35. exf6 Kxf6 36. d7 Rd8 37. Ke2 Ke6 38. Ke3 b6 39. Rd5 a6 40. Kd4 a5 41. a3 Kf6 42. b4 axb4 43. axb4 Ke6 44. c5 1-0

[Event "6. Torneo del Santo A"]
[Site "Padova"]
[Date "2019.02.17"]
[Round "5.8"]
[White "Pleininger, Rudolf"]
[Black "Di Lascio, Savino"]
[Result "1-0"]
[WhiteElo "1947"]
[BlackElo "1923"]
[Annotator "Gabriele Ballarin"]
[PlyCount "57"]
[EventDate "2019.02.15"]
[EventType "swiss"]
[EventRounds "5"]
[EventCountry "ITA"]

1. e4 c6 2. d4 d5 3. exd5 cxd5 4. Bf4 e6 5. Nf3 Bd6 6. Bxd6 Qxd6 7. c3 Nd7 8. Bb5 a6 9. Bxd7+ Bxd7 10. O-O Ne7 11. Ne5 f6 12. Nxd7 Kxd7 13. f4 Nf5 14. Qd3 h5 15. Nd2 Rag8 16. Rae1 g5 17. Nb3 Re8 18. fxg5 fxg5 19. Nc5+ Kc7 20. Rxe6 Rxe6 21. Nxe6+ Qxe6 22. Rxf5 g4 23. Re5 Qh6 24. Qg3 Kc6 25. Qe1 Qf4 26. Re6+ Kc7 27. g3 Qf3 28. Qe5+ Kc8 29. Qxh8+ 1-0

[Event "78.Santo Camp. Veneto Quarti di Finale"]
[Site "Padova ITA"]
[Date "2019.02.15"]
[Round "1.1"]
[White "Ghods, Maziar"]
[Black "Basso, Pier Luigi"]
[Result "0-1"]
[WhiteElo "2031"]
[BlackElo "2512"]
[Annotator "Gabriele Ballarin"]
[PlyCount "56"]
[EventDate "2019.02.15"]
[EventType "swiss"]
[EventRounds "5"]
[EventCountry "ITA"]

1. d4 d5 2. Bg5 h6 3. Bh4 c5 4. dxc5 g5 5. Bg3 Bg7 6. Qd3 Qa5+ 7. Nc3 Nc6 8. Kd1 Be6 9. Nb5 Rc8 10. c3 a6 11. Nc7+ Rxc7 12. Bxc7 Qxc7 13. Nf3 Nf6 14. e3 Ne4 15. Qc2 Bf5 16. Bd3 Nxf2+ 17. Qxf2 Bxd3 18. Qg3 Qxg3 19. hxg3 Be4 20. Ke2 g4 21. Ne1 Ne5 22. Rc1 Kd7 23. b4 a5 24. bxa5 Ra8 25. Nc2 Bxg2 26. Rh4 Bf3+ 27. Kd2 Nc4+ 28. Ke1 Bxc3+ 0-1

[Event "78.Santo Camp. Veneto Quarti di Finale"]
[Site "Padova ITA"]
[Date "2019.02.15"]
[Round "1.2"]
[White "Dvirnyy, Danyyil"]
[Black "Raccanello, Marianna"]
[Result "1-0"]
[WhiteElo "2487"]
[BlackElo "2029"]
[Annotator "Gabriele Ballarin"]
[PlyCount "65"]
[EventDate "2019.02.15"]
[EventType "swiss"]
[EventRounds "5"]
[EventCountry "ITA"]

1. d4 Nf6 2. c4 g6 3. g3 Bg7 4. Bg2 d6 5. Nc3 O-O 6. Nf3 Nbd7 7. O-O e5 8. b3 Re8 9. e4 exd4 10. Nxd4 Nc5 11. f3 a5 12. Be3 c6 13. Bf2 Qc7 14. Qd2 Bd7 15. Rfd1 Rad8 16. Rac1 Bc8 17. Nde2 h5 18. Be3 Kh7 19. Kh1 Ng8 20. Nd4 Nh6 21. Nce2 f6 22. a3 Nf7 23. b4 axb4 24. axb4 Ne6 25. Nb3 Ne5 26. f4 Ng4 27. Bg1 Nh6 28. f5 gxf5 29. exf5 Ng5 30. Ned4 Qf7 31. Qd3 Qf8 32. h4 Ngf7 33. Ne6 1-0

[Event "78.Santo Camp. Veneto Quarti di Finale"]
[Site "Padova ITA"]
[Date "2019.02.15"]
[Round "1.3"]
[White "Scarpa, Silvia"]
[Black "Sonis, Francesco"]
[Result "0-1"]
[WhiteElo "2024"]
[BlackElo "2477"]
[Annotator "Gabriele Ballarin"]
[PlyCount "102"]
[EventDate "2019.02.15"]
[EventType "swiss"]
[EventRounds "5"]
[EventCountry "ITA"]

1. e4 c5 2. Nc3 g6 3. g3 Bg7 4. Bg2 Nc6 5. d3 e6 6. Be3 Nd4 7. Qd2 Qa5 8. Nf3 Ne7 9. O-O Nec6 10. Ne1 b5 11. Bh6 O-O 12. Bxg7 Kxg7 13. f4 f5 14. Qe3 b4 15. Nd1 Ba6 16. Rf2 Rae8 17. e5 Rc8 18. Qc1 c4 19. Qe3 c3 20. b3 Nb5 21. Nf3 Ne7 22. Qe1 Nd5 23. Ne3 Nxe3 24. Qxe3 Qb6 25. Qe2 Bb7 26. Ne1 Bd5 27. Bxd5 exd5 28. Qf3 Rc5 29. Ng2 Nd4 30. Qd1 Ra5 31. Kf1 Ne6 32. Qe1 d4 33. Nh4 Qd8 34. Nf3 Ra3 35. Re2 Qa5 36. Qf2 Qd5 37. h4 h5 38. Kg1 Rc8 39. Ng5 Rc5 40. Ne4 fxe4 41. dxe4 Qc6 42. f5 Nf8 43. Rf1 Nh7 44. f6+ Kf7 45. Qf4 Qe6 46. Qh6 Nf8 47. Qg7+ Ke8 48. Ref2 Qxe5 49. Qe7+ Qxe7 50. fxe7 Ne6 51. Rf7 d3 0-1

[Event "78.Santo Camp. Veneto Quarti di Finale"]
[Site "Padova ITA"]
[Date "2019.02.15"]
[Round "1.4"]
[White "Gilevych, Artem"]
[Black "Ongarelli, Marco"]
[Result "1-0"]
[WhiteElo "2403"]
[BlackElo "2021"]
[Annotator "Gabriele Ballarin"]
[PlyCount "45"]
[EventDate "2019.02.15"]
[EventType "swiss"]
[EventRounds "5"]
[EventCountry "ITA"]

1. e4 d5 2. exd5 Qxd5 3. Nc3 Qa5 4. d4 Nf6 5. Nf3 c6 6. Ne5 Be6 7. Bd3 Nbd7 8. Nxd7 Bxd7 9. O-O e6 10. Bf4 Be7 11. Be5 O-O 12. Qf3 c5 13. Qxb7 cxd4 14. Bxf6 Bxf6 15. Ne4 Rad8 16. Nxf6+ gxf6 17. Qe4 f5 18. Qxd4 Bb5 19. Qe5 Rd5 20. Qg3+ Kh8 21. c4 Rxd3 22. Qxd3 Rd8 23. Qe2 1-0

[Event "78.Santo Camp. Veneto Quarti di Finale"]
[Site "Padova ITA"]
[Date "2019.02.15"]
[Round "1.5"]
[White "Tramalloni, Luca"]
[Black "Calavalle, Giulio"]
[Result "0-1"]
[WhiteElo "2018"]
[BlackElo "2274"]
[Annotator "Gabriele Ballarin"]
[PlyCount "54"]
[EventDate "2019.02.15"]
[EventType "swiss"]
[EventRounds "5"]
[EventCountry "ITA"]

1. d4 Nf6 2. c4 e6 3. g3 c5 4. d5 exd5 5. cxd5 d6 6. Nc3 g6 7. Bg2 Bg7 8. Nf3 O-O 9. O-O Na6 10. Nd2 Nc7 11. a4 b6 12. Nc4 Ba6 13. Na3 Qd7 14. Rb1 Rab8 15. b4 cxb4 16. Rxb4 Bb7 17. Bf4 Na6 18. Rb1 Nh5 19. Bd2 Nc5 20. Rb4 Nf6 21. Nab5 Ba8 22. Nd4 Rbc8 23. Nc6 Nxd5 24. Nxd5 Bxc6 25. Rf4 Bxa4 26. Nf6+ Bxf6 27. Rxf6 Bxd1 0-1

[Event "78.Santo Camp. Veneto Quarti di Finale"]
[Site "Padova ITA"]
[Date "2019.02.15"]
[Round "1.6"]
[White "Gallana, Marco"]
[Black "Pozzari, Simone"]
[Result "0-1"]
[WhiteElo "2267"]
[BlackElo "2017"]
[Annotator "Gabriele Ballarin"]
[PlyCount "58"]
[EventDate "2019.02.15"]
[EventType "swiss"]
[EventRounds "5"]
[EventCountry "ITA"]

1. d4 f5 2. Nf3 e6 3. c4 Nf6 4. g3 d5 5. Bg2 c6 6. O-O Bd6 7. b3 Qe7 8. Bb2 O-O 9. Qc2 Ne4 10. Nbd2 a5 11. Ne5 Nd7 12. Nd3 Qf7 13. f3 Nxg3 14. hxg3 Bxg3 15. Rfd1 Qh5 16. Nf1 f4 17. e3 g5 18. Qe2 Rf6 19. Ne5 Nxe5 20. dxe5 Rh6 21. Nxg3 fxg3 22. Qd3 Bd7 23. cxd5 Rf8 24. Rd2 exd5 25. e6 Bxe6 26. Qd4 Rff6 27. Qxf6 Rxf6 28. Bxf6 Qh2+ 29. Kf1 Bh3 0-1

[Event "78.Santo Camp. Veneto Quarti di Finale"]
[Site "Padova ITA"]
[Date "2019.02.15"]
[Round "1.7"]
[White "Bellincampi, Stefano"]
[Black "Rossi, Carlo"]
[Result "0-1"]
[WhiteElo "2009"]
[BlackElo "2256"]
[Annotator "Gabriele Ballarin"]
[PlyCount "130"]
[EventDate "2019.02.15"]
[EventType "swiss"]
[EventRounds "5"]
[EventCountry "ITA"]

1. Nf3 d6 2. d4 Bg4 3. e4 Nf6 4. Nc3 e6 5. h3 Bh5 6. Qe2 Nc6 7. g4 Bg6 8. d5 exd5 9. exd5+ Ne7 10. Nh4 Qd7 11. Nxg6 hxg6 12. Bg2 O-O-O 13. Be3 Kb8 14. O-O-O Nc8 15. Qc4 Re8 16. Rd4 Be7 17. Qb3 Bd8 18. Rb4 Nb6 19. a4 a5 20. Rd4 Re5 21. Rhd1 Rhe8 22. Kb1 Rxe3 23. fxe3 Rxe3 24. R4d3 Re5 25. Nb5 Qe8 26. Qc3 Nxa4 27. Qxa5 Nc5 28. Rd4 Kc8 29. Na7+ Kd7 30. Qb5+ Ke7 31. Qxe8+ Kxe8 32. Nb5 Re2 33. R4d2 Re3 34. Nc3 Kd7 35. Re2 Rg3 36. Rf1 c6 37. dxc6+ bxc6 38. Rf3 Rxf3 39. Bxf3 d5 40. b4 Ne6 41. Rd2 Kd6 42. Ne2 Ke5 43. c3 Bb6 44. Kc2 Nh7 45. Kd3 Nhg5 46. Bg2 f5 47. Rd1 f4 48. Rf1 Ne4 49. Ra1 g5 50. Ra6 N6c5+ 51. bxc5 Nxc5+ 52. Kd2 Nxa6 53. Nc1 Be3+ 54. Kc2 Bxc1 55. Kxc1 Nc5 56. c4 Kd4 57. cxd5 cxd5 58. Kd2 Ne4+ 59. Ke2 Nc3+ 60. Kd2 Na4 61. Ke2 Nb6 62. Kd2 Nc4+ 63. Ke2 Ne3 64. Bf3 Kc3 65. Kf2 d4 0-1

[Event "78.Santo Camp. Veneto Quarti di Finale"]
[Site "Padova ITA"]
[Date "2019.02.15"]
[Round "1.8"]
[White "Loiacono, Leonardo"]
[Black "Grattarola, Fabioi"]
[Result "1-0"]
[WhiteElo "2249"]
[BlackElo "2004"]
[Annotator "Gabriele Ballarin"]
[PlyCount "61"]
[EventDate "2019.02.15"]
[EventType "swiss"]
[EventRounds "5"]
[EventCountry "ITA"]

1. d4 d5 2. c4 c6 3. Nc3 Nf6 4. Nf3 a6 5. g3 b5 6. b3 e6 7. Bg2 Nbd7 8. O-O Bb7 9. c5 g6 10. Bf4 Nh5 11. Bd2 f5 12. b4 Bg7 13. e3 O-O 14. Ne2 e5 15. dxe5 Nxe5 16. Ned4 Qe7 17. Nxe5 Bxe5 18. Bc3 Ng7 19. Nxc6 Bxc6 20. Bxd5+ Bxd5 21. Qxd5+ Qe6 22. Qxe5 Qxe5 23. Bxe5 Rfe8 24. Bxg7 Kxg7 25. Rfd1 Re7 26. a4 Rb8 27. axb5 Rxb5 28. Rd4 Ra7 29. Rc4 a5 30. c6 Rb8 31. Rxa5 1-0

[Event "78.Santo Camp. Veneto Quarti di Finale"]
[Site "Padova ITA"]
[Date "2019.02.15"]
[Round "1.9"]
[White "Kacani, Kirk"]
[Black "Simonetto, Andrea"]
[Result "1/2-1/2"]
[WhiteElo "2002"]
[BlackElo "2222"]
[Annotator "Gabriele Ballarin"]
[PlyCount "127"]
[EventDate "2019.02.15"]
[EventType "swiss"]
[EventRounds "5"]
[EventCountry "ITA"]

1. Nf3 d5 2. g3 Nf6 3. Bg2 e6 4. d4 b5 5. Ne5 c5 6. dxc5 Bxc5 7. O-O O-O 8. b3 Qb6 9. Bb2 Bb7 10. Nd2 Nbd7 11. Nd3 Be7 12. c4 dxc4 13. Bxb7 Qxb7 14. bxc4 b4 15. Rb1 a5 16. a3 Ne4 17. axb4 axb4 18. Nxe4 Qxe4 19. Nxb4 Bxb4 20. Qxd7 Rfd8 21. Qb5 Bf8 22. Qe5 {=} Qxc4 23. Rfc1 Qg4 24. Rd1 Qa4 25. Rxd8 Rxd8 26. Ra1 Qb3 27. e3 Rb8 28. Bd4 f6 29. Qc7 e5 30. Bc5 Qb2 31. Ra7 Qb1+ 32. Kg2 Qe4+ 33. Kh3 Qf5+ 34. Kg2 Qc8 35. Qf7+ Kh8 36. Bxf8 Qxf8 37. Qd7 Rd8 38. Qc7 h6 39. Qb7 Re8 40. e4 {=} Rd8 41. Qc7 Kh7 42. Qe7 Qxe7 43. Rxe7 Rd4 44. Kf3 h5 45. Ke3 Ra4 46. Rd7 Kh6 47. f4 exf4+ 48. gxf4 Ra2 49. Rd2 Rxd2 50. Kxd2 g5 51. Ke3 g4 52. h4 Kg6 53. Kf2 Kf7 54. Ke3 Ke6 55. Kf2 Kd6 56. Ke3 Kc6 57. e5 fxe5 58. fxe5 Kd7 59. Kf4 Ke7 60. Ke3 Kf7 61. Kf4 Kg6 62. Ke4 Kg7 63. Kf4 Kf7 64. Ke3 1/2-1/2

[Event "78.Santo Camp. Veneto Quarti di Finale"]
[Site "Padova ITA"]
[Date "2019.02.15"]
[Round "1.10"]
[White "Vancini, Edoardo"]
[Black "Tripodi, Enzo"]
[Result "1/2-1/2"]
[WhiteElo "2214"]
[BlackElo "2002"]
[Annotator "Gabriele Ballarin"]
[PlyCount "61"]
[EventDate "2019.02.15"]
[EventType "swiss"]
[EventRounds "5"]
[EventCountry "ITA"]

1. Nf3 Nf6 2. e3 e6 3. d4 b6 4. Bd3 Bb7 5. O-O Be7 6. c4 O-O 7. Nc3 d5 8. cxd5 exd5 9. b3 Nbd7 10. Bb2 Re8 11. Rc1 Rc8 12. Qe2 c5 13. Rfd1 cxd4 14. Nxd4 Bc5 15. Na4 Ne4 16. Ba6 Bxa6 17. Qxa6 Qh4 18. g3 Qh3 19. Qf1 Qh5 20. Nxc5 bxc5 21. Qe2 Qh3 22. Nf3 d4 23. Qf1 Qg4 24. Qg2 dxe3 25. fxe3 Nef6 26. Rc4 Qh5 27. Re1 Re6 28. e4 Nb6 29. Rc2 Nxe4 30. Rce2 Rce8 31. Ne5 {=} 1/2-1/2

[Event "78.Santo Camp. Veneto Quarti di Finale"]
[Site "Padova ITA"]
[Date "2019.02.15"]
[Round "1.11"]
[White "Piccinno, Matteo"]
[Black "Malfagia, Andrea"]
[Result "1-0"]
[WhiteElo "2001"]
[BlackElo "2206"]
[Annotator "Gabriele Ballarin"]
[PlyCount "135"]
[EventDate "2019.02.15"]
[EventType "swiss"]
[EventRounds "5"]
[EventCountry "ITA"]

1. d4 Nf6 2. c4 e6 3. Nf3 d5 4. g3 Bb4+ 5. Bd2 Be7 6. Bg2 O-O 7. Qb3 c6 8. Nc3 b6 9. O-O Nbd7 10. Rfd1 Bb7 11. Bg5 Re8 12. Rac1 h6 13. Bxf6 Nxf6 14. Ne5 Rc8 15. e4 dxe4 16. Nxe4 Qc7 17. Qf3 Ba8 18. c5 bxc5 19. Nxc5 Red8 20. b4 Qb6 21. a3 Rc7 22. Nc4 Qb5 23. Ne5 Rcc8 24. Bf1 Qb8 25. Ba6 Rc7 26. Bd3 Bxc5 27. Rxc5 Rd5 28. Bc4 Rd8 29. Bb3 Qc8 30. Qe3 Nd7 31. Nxd7 Qxd7 32. Qc3 Rcc8 33. Bc2 Bb7 34. Qd3 g6 35. Qe3 Kg7 36. Qe5+ f6 37. Qe4 Qf7 38. h4 Rd5 39. Bb3 Rd6 40. h5 Rcd8 41. Qe3 g5 42. g4 Qd7 43. Qe4 f5 44. Qe5+ Kh7 45. Qf6 e5 46. Qxe5 Re8 47. Qxf5+ Qxf5 48. gxf5 Bc8 49. Rd2 Kg7 50. Bc2 Kf6 51. f3 Red8 52. Be4 Bd7 53. Kf2 Be8 54. Ke3 Kg7 55. Re5 Bxh5 56. Re7+ Kf6 57. Rh7 Bf7 58. Rxh6+ Ke7 59. Rxd6 Rxd6 60. Rc2 Bd5 61. Rh2 Bf7 62. Rh8 c5 63. dxc5 Ra6 64. c6 Rxa3+ 65. Kd4 Rb3 66. c7 Rxb4+ 67. Ke3 Rb3+ 68. Kf2 1-0

[Event "78.Santo Camp. Veneto Quarti di Finale"]
[Site "Padova ITA"]
[Date "2019.02.15"]
[Round "1.12"]
[White "Carlo, Emanuele"]
[Black "Sibille, Ettore"]
[Result "1-0"]
[WhiteElo "2206"]
[BlackElo "1980"]
[Annotator "Gabriele Ballarin"]
[PlyCount "29"]
[EventDate "2019.02.15"]
[EventType "swiss"]
[EventRounds "5"]
[EventCountry "ITA"]

1. e4 c5 2. Nf3 g6 3. d4 cxd4 4. Qxd4 Nf6 5. Nc3 Nc6 6. Qa4 Bg7 7. e5 Ng8 8. Bf4 Nh6 9. h3 Qb6 10. Bb5 O-O 11. Nd5 Qd8 12. O-O-O e6 13. Bg5 f6 14. exf6 Bxf6 15. Nxf6+ 1-0

[Event "78.Santo Camp. Veneto Quarti di Finale"]
[Site "Padova ITA"]
[Date "2019.02.15"]
[Round "1.13"]
[White "Marasà, Giuseppe"]
[Black "Dobboletta, Alex"]
[Result "0-1"]
[WhiteElo "1975"]
[BlackElo "2171"]
[Annotator "Gabriele Ballarin"]
[PlyCount "48"]
[EventDate "2019.02.15"]
[EventType "swiss"]
[EventRounds "5"]
[EventCountry "ITA"]

1. d4 Nf6 2. c4 e6 3. Nc3 Bb4 4. Qc2 O-O 5. a3 Bxc3+ 6. Qxc3 d5 7. Bg5 c5 8. cxd5 cxd4 9. Qxd4 Nc6 10. Qd2 exd5 11. Nf3 Re8 12. g3 h6 13. Bxf6 Qxf6 14. Bg2 Bg4 15. O-O Rad8 16. b3 d4 17. h3 d3 18. hxg4 dxe2 19. Qc2 exf1=Q+ 20. Rxf1 Re7 21. Qc5 b6 22. Qc2 Nd4 23. Nxd4 Qxd4 24. Bf3 Qd3 0-1